00229nam a2200097Ia 4500008004100000100001500041245002700056260002500083300000900108650001400117190216s9999||||xx |||||||||||||| ||und|| aAgarwal Op 0aReactions And Reagents bGoel Pub Housec1986 a590p aChemistry